Κατάλογος Βιβλιοθηκών Mediterranean College

Επίτομο Εμπορικό Δίκαιο / Γενικό Εμπορικό Δίκαιο, Δίκαιο Βιομηχανικής Ιδιοκτησίας, Εταιρικό Δίκαιο, Δίκαιο Αξιογράφων, Πτωχευτικό Δίκαιο, Ναυτικό Δίκαιο, Ασφαλιστικό Δίκαιο (Record no. 4312)

MARC details
000 -LEADER
fixed length control field 01582cam a22001934a 4500
005 - ΗΜΕΡΟΜΗΝΙΑ ΚΑΙ ΩΡΑ ΤΕΛΕΥΤΑΙΑΣ ΕΝΗΜΕΡΩΣΗΣ
Πεδίο ελέγχου 20250605164142.0
008 - FIXED-LENGTH DATA ELEMENTS--GENERAL INFORMATION
Πεδίο ελέγχου σταθερού μήκους 250528s ||||||||||||||||||||||||d
035 ## - SYSTEM CONTROL NUMBER
System control number 19024
040 ## - ΠΗΓΗ ΚΑΤΑΛΟΓΟΓΡΑΦΗΣΗΣ
Φορέας πρωτότυπης καταλογογράφησης MC Athens Campus Library
Γλώσσα καταλογογράφησης Ελληνικά, Μοντέρνα (1453-)
Modifying agency MC Athens Campus Library
Κανόνες περιγραφικής καταλογογράφησης AACR2
245 1# - ΤΙΤΛΟΣ ΚΑΙ ΔΗΛΩΣΗ ΥΠΕΥΘΥΝΟΤΗΤΑΣ
Τίτλος Επίτομο Εμπορικό Δίκαιο / Γενικό Εμπορικό Δίκαιο, Δίκαιο Βιομηχανικής Ιδιοκτησίας, Εταιρικό Δίκαιο, Δίκαιο Αξιογράφων, Πτωχευτικό Δίκαιο, Ναυτικό Δίκαιο, Ασφαλιστικό Δίκαιο
250 ## - EDITION STATEMENT
Edition statement
260 ## - PUBLICATION, DISTRIBUTION, ETC.
Date of publication, distribution, etc. 1994
300 ## - PHYSICAL DESCRIPTION
Extent 336
520 ## - SUMMARY, ETC.
Summary, etc. Εμπόριο, Εμπορικές Πράξεις, Εμπορικές Πράξεις κατά το Αντικειμενικό Σύστημα, Έμπορος, Εμπορικά Βιβλία, Προσωπίκη Κράτηση, Εμπορική Επωνυμία, Σήμα, Ευρεσιτεχνία, Δίκαιο Ανταγωνισμού, Εταιρικό Δίκαιο, Προσωπικές Εταιρίες, Κεφαλαιουχικές Εταιρίες, Εταιρίες Περιορισμένης Ευθύνης, Ανώνυμη Εταιρία, Συνεταιρισμός, Κοινοπραξία, Δίκαιο Αξιογράφων, Συναλλαγματική, Γραμματιο εις Διαταγή, Τραπεζική Επιταγή, Πτωχευτικό Δίκαιο, Ναυτικό Δίκαιο, Ασφαλιστικό Δίκαιο.
700 1# - ΠΡΟΣΘΕΤΗ ΑΝΑΓΡΑΦΗ--ΦΥΣΙΚΟ ΠΡΟΣΩΠΟ
Personal name Βελέντζας Ιωάννης Ε
9 (RLIN) 4311
942 ## - ADDED ENTRY ELEMENTS (KOHA)
Koha item type Books
Holdings
Τύπος τεκμηρίου Βιβλιοθήκη Τρέχουσα τοποθεσία Barcode Αριθμός εισαγωγής Ημερομηνία απόκτησης Ταξιθετικό σύμβολο Αριθμός αντιτύπου Κατάσταση απόσυρσης Κατάσταση χαμένου Κατάσταση κατεστραμμένου Μη δανεισμός Σύνολο δανεισμών Ημερομηνία τελευταίας εμφάνισης Η τιμή ισχύει από
Books MC Athens Campus Library MC Athens Campus Library 9780000043115 3959 05/06/2025 346.074 95 VEL 2           05/06/2025 05/06/2025

MC Athens Campus Library
Πατησίων 94 & Κοδριγκτώνος 13, 104 34
Πελλήνης 8 & Πατησίων 107, 112 51
Τ: +30 210 8899600

MC Thessaloniki Campus Library
Ίωνος Δραγούμη 21, 54625 | Ίωνος Δραγούμη 15, 54625
Τ: +30 2310 287779 – Τ: +30 2314 440300